| 000 | 01127nam0a22002771 4500 | ||
|---|---|---|---|
| 001 | rc\4111250 | ||
| 005 | 20130415171002.1 | ||
| 021 |
_aRU _b[51-17130] |
||
| 035 | _a(NLR Aleph) 008145797 | ||
| 090 |
_a9513775 _c9513775 |
||
| 100 | _a20130415d1951 |||y0rusy50 ca | ||
| 101 | 0 | _arus | |
| 102 | _aRU | ||
| 105 | _aa z ||||| | ||
| 200 | 1 |
_aПроизводство работ по планировке поливных участков _fОтв. ред. инж. Г.С. Сандомирский _gМ-во хлопководства Узбек. ССР. Гл. упр. с.-х. пропаганды |
|
| 210 |
_aТашкент _cГосиздат УзССР _d1951 |
||
| 215 |
_a48 с. _cил. _d20 |
||
| 300 | _aПеред загл. авт.: инж. И.И. Николаев | ||
| 606 |
_aОрошаемые поля и участки _xПланировка поверхности _2psbo |
||
| 700 | 1 |
_aНиколаев _bИ. И. _gИван Иванович |
|
| 702 | 1 |
_aСандомирский _bГ. С. _4340 |
|
| 801 | 0 |
_aRU _bNLR _gpsbo |
|
| 801 | 1 |
_aRU _bELAR _2rusmarc |
|
| 852 |
_aNLR _jС14 Г-4/293 |
||
| 942 | _cBOOK | ||
| 980 | _aNB | ||